00979 2200205 4500001002100000005001500021035002000036245015600056100001600212250001700228300003400245700002000279700001800299260003100317082000800348084001400356020002200370650001400392520036700406INLIS00000000000029920240602103409 a0010-06240000081 aBupena Buku Penilaian Tema Hidup Rukun dan Tema Bermain di Lingkunganku Jilid 2A :buntuk SD/MI Kelas II /cIrine M.J.A; Wini Kristianti; Dhesy Adhalia0 aIrine M.J.A acetakan ke-1 aviii, 184 cm :bilus ;c26 cm0 aWini Kristianti0 aDhesy Adhalia aJakarta :bErlangga,c2016 a500 a500 IRI b a978-602-298-892-6 4aPengayaan aBupena disajikan untuk membantu siswa menerapkan proses pembelajaran secara tuntas berdasarkan Kurikulum 2013 (Revisi 2016). Pendalaman materi untuk mempertajam pemahaman siswa terhadap materi yang sedang dipelajari. Penilaian pengetahuan disajikan dalam tes tertulis, tes lisan, dan penugasan. Penilaian keterampilan dan sikap disajikan dalam kegiatan.